Esperantisto Slovaka - bibliografio kaj historio 1946-2000

Bibliographic Details
Main Authors: Vajs, Ján, 1953- (Author), Fajth, Ľubomír (Author)
Format: Book
Language:Esperanto
PhysicalDescription:195 s., [3] l. text príl. fotogr. 30 cm 1 CD-ROM
Published: [Partizánske] Espero 2012
ISBN:9788089366132
Subjects:

MARC

LEADER 00000nam a2200000 a 4500
001 vtls010653995
003 SK-MaSNL
005 20260301182856.0
008 240315s2012 xo o g n 001 0 epo
015 |a SNBA2015/03 
020 |a 9788089366132  |q (brož.) 
035 |a B82D1D3B-D217-466B-8ADE-FEC049126DA8 
035 |a urn:nbn:sk:snk-amtgj2 
035 |a urn:nbn:sk:snk-am00c3oq 
040 |a SNK  |b slo  |c SNK  |e AACR2 
041 0 |a epo 
044 |a xo  |c SK 
072 7 |a 811.9  |x Umelé jazyky  |2 konspekt 
080 |a 811.922  |2 2001 
080 |a (01)  |2 2001 
100 1 |a Vajs, Ján,  |d 1953-  |4 aut  |9 176294 
245 1 0 |a Esperantisto Slovaka - bibliografio kaj historio 1946-2000  |c Ján Vajs, Ľubomír Fajth 
260 |a [Partizánske]  |b Espero  |c 2012 
300 |a 195 s., [3] l. text príl.  |b fotogr.  |c 30 cm  |e 1 CD-ROM 
500 |a Hrebeňová väzba 
500 |a Miesto vyd. podľa ISBN 
504 |a Bibliogr. odkazy ; pozn. ; reg. 
648 7 |a 1946-2000  |2 SNKPH  |9 557335 
650 0 7 |a esperanto  |2 SNKPH  |9 22400 
655 7 |a bibliografie  |2 SNKPH  |9 28668 
655 7 |a Bibliographies  |2 SNKPHeng  |9 266698 
700 1 |a Fajth, Ľubomír  |4 aut  |9 557336 
919 |a 978-80-89366-13-2 
958 |a NB 
999 |c 855111  |d 857041 
952 |a SNK  |b SNK  |y PREZ  |7 0  |p 17A1136809  |o snkSB 87825  |i snk2015/5133  |8 0  |0 0  |1 0  |4 0  |d 2015-02-12  |f 1  |l 0  |r 2025-05-12 00:00:00  |w 2026-02-24 
952 |a SNK  |b SNK  |y PREZ  |7 0  |p 17A1136789  |o snkSB 87825/príl.  |i snk2015/5133  |8 0  |3 Príloha: 1 CD ROM  |z Príloha: 1 CD ROM  |0 0  |1 0  |4 0  |d 2015-02-12  |l 0  |r 2025-05-12 00:00:00  |w 2026-02-24 
952 |a SNK  |b SNK  |y PREZ  |7 0  |p 17A1136790  |o snkSB 87825 D1  |i snk2015/5135  |8 0  |0 0  |1 0  |4 0  |d 2015-02-12  |l 0  |r 2026-02-24 04:54:11  |w 2026-02-24 
952 |a SNK  |b SNK  |y PREZ  |7 0  |p 17A1136791  |o snkSB 87825/príl. D1  |i snk2015/5135  |8 0  |3 Príloha: 1 CD ROM  |z Príloha: 1 CD ROM  |0 0  |1 0  |4 0  |d 2015-02-12  |l 0  |r 2026-02-24 04:54:11  |w 2026-02-24